Selected letters of Friedrich Nietzsche
Αποθηκεύτηκε σε:
| Κύριος συγγραφέας: | |
|---|---|
| Μορφή: | Βιβλίο |
| Γλώσσα: | Αγγλικά |
| Έκδοση: |
Chicago
University of Chicago
1969
|
| Θέματα: | |
| Ετικέτες: |
Προσθήκη ετικέτας
Δεν υπάρχουν, Καταχωρήστε ετικέτα πρώτοι!
|
MARC
| LEADER | 00000nam a2200000 a 4500 | ||
|---|---|---|---|
| 001 | UCO4734 | ||
| 003 | CL-VaPUC | ||
| 005 | 20241001100057.0 | ||
| 008 | 000811e19690000US |||||||||||||||||eng|d | ||
| 999 | |c 290733 |d 290731 | ||
| 040 | |c Pontificia Universidad Católica de Valparaíso | ||
| 082 | 0 | 4 | |a 836 |b NIE |2 21 |
| 100 | |a Nietzsche, Friedrich |q (Friedrich Wilhelm) |e author |9 875911 | ||
| 245 | 1 | 0 | |a Selected letters of Friedrich Nietzsche |
| 260 | |a Chicago |b University of Chicago |c 1969 | ||
| 300 | |a 370 p | ||
| 500 | |a Correspondencia entre 1861 y 1889 | ||
| 583 | |a last modification |c 20000811 00:00:00 |k Rodrigo Vera | ||
| 650 | 0 | |a Cartas |9 321777 | |
| 650 | 0 | |a Literatura alemana |9 265457 | |
| 650 | 7 | |a FILOSOFOS ALEMANES |2 CL-VaPUC |9 449365 | |
| 650 | 0 | |a Correspondencia |9 258963 | |
| 942 | |c BK |2 ddc | ||
| 945 | |d 20000811 00:00:00 |a crobeson | ||
| 952 | |0 0 |1 0 |4 0 |6 836_000000000000000_NIE_1969 |7 0 |8 A |9 340298 |a BIBART |b BIBART |d 2019-11-20 |i 1215256 |o 836 NIE 1969 |p 1215256 |r 2025-03-13 |w 2019-11-20 |y BK |k ART | ||